[Event "BL 2223 (Women)"]
[Site "Germany"]
[Date "2023.05.01"]
[Round "11.5"]
[White "Acarbay, Algi"]
[Black "Narva, Mai"]
[Result "0-1"]
[WhiteElo "1936"]
[BlackElo "2384"]
[PlyCount "63"]
[EventDate "2022.10.15"]
[EventType "team-tourn"]
[EventRounds "11"]
[EventCountry "GER"]
[SourceTitle "EXT 2024"]
[Source "ChessBase"]
[SourceDate "2023.10.10"]
[SourceVersion "1"]
[SourceVersionDate "2023.10.10"]
[SourceQuality "1"]
[WhiteTeam "Bayern Muenchen (W)"]
[BlackTeam "Baden-Baden (W)"]
[WhiteTeamCountry "GER"]
[BlackTeamCountry "GER"]

1. e4 c5 2. Nf3 Nc6 3. Bb5 g6 4. Bxc6 bxc6 5. 0-0 Bg7 6. Re1 Qc7 7. h3 d6 8. c3 Nf6 9. d4 cxd4 10. cxd4 0-0 11. Nc3 Rb8 12. Qc2 Qb7 13. Re2 Be6 14. Be3 h6 15. Rc1 Rbc8 16. b3 Rfd8 17. Ree1 Kh7 18. Kh1 Qa6 19. Nd2 Qa5 20. Qd1 d5 21. e5 Nd7 22. f4 c5 23. Qf3 cxd4 24. Bxd4 Nc5 25. Qe3 Bf5 26. Bxc5 Qxc5 27. Qxc5 Rxc5 28. Na4 Rcc8 29. Nf3 f6 30. Rc2 Rc7 31. Rxc7 Rc8 32. Rxc8 0-1

[Event "Mittelfranken Landesliga Sued 2223"]
[Site "Mittelfranken"]
[Date "2023.03.05"]
[Round "7.6"]
[White "Tuchenhagen, Axel"]
[Black "Acarbay, Algi"]
[Result "0-1"]
[WhiteElo "1996"]
[BlackElo "1952"]
[PlyCount "98"]
[EventDate "2022.10.09"]
[EventType "team-tourn"]
[EventRounds "9"]
[EventCountry "GER"]
[SourceTitle "EXT 2024"]
[Source "ChessBase"]
[SourceDate "2023.10.10"]
[SourceVersion "1"]
[SourceVersionDate "2023.10.10"]
[SourceQuality "1"]
[WhiteTeam "Starnberg"]
[BlackTeam "Unterhaching"]
[WhiteTeamCountry "GER"]
[BlackTeamCountry "GER"]

1. d4 d5 2. Nf3 Nf6 3. g3 Bf5 4. Bg2 e6 5. 0-0 Bd6 6. c4 c6 7. Nbd2 Nbd7 8. b3 0-0 9. Bb2 Qc7 10. Rc1 h6 11. Re1 Rad8 12. a3 Rfe8 13. b4 Bh7 14. Qb3 Ne4 15. Red1 a6 16. c5 Be7 17. Nf1 Bf6 18. Ne1 Be7 19. Nd3 h5 20. f3 Nef6 21. Qc3 Bxd3 22. Rxd3 h4 23. f4 Ne4 24. Qe1 hxg3 25. hxg3 f5 26. Rb1 Ndf6 27. Bc1 Kf7 28. a4 Rh8 29. Rdb3 b5 30. axb5 axb5 31. Ra3 Ra8 32. Rba1 Rxa3 33. Rxa3 Ng4 34. Qd1 Bf6 35. e3 g5 36. Bb2 Kg6 37. Qa1 Qh7 38. Ra8 Nef2 39. Rxh8 Qxh8 40. Qa6 Qe8 41. Bf3 gxf4 42. exf4 Nd3 43. Bc3 Qh8 44. Qa1 Qh3 45. Qd1 Ndf2 46. Qe2 Ne4 47. Bxg4 Nxc3 48. Qd3 Qxg4 49. Qxc3 Qd1 0-1

[Event "EU-ch (Women) 22nd"]
[Site "Prague"]
[Date "2022.08.29"]
[Round "9"]
[White "Kucharska, Honorata"]
[Black "Acarbay, Algi"]
[Result "1-0"]
[WhiteElo "2193"]
[BlackElo "1951"]
[PlyCount "81"]
[EventDate "2022.08.20"]
[EventType "swiss"]
[EventRounds "11"]
[EventCountry "CZE"]
[SourceTitle "CBM 209 Extra"]
[Source "ChessBase"]
[SourceDate "2022.09.30"]
[SourceVersion "1"]
[SourceVersionDate "2022.09.30"]
[SourceQuality "1"]

1. e4 c5 2. Nf3 d6 3. d4 cxd4 4. Nxd4 Nf6 5. Nc3 a6 6. Be2 e6 7. 0-0 Be7 8. a4 0-0 9. Be3 Nc6 10. Nb3 b6 11. Nd4 Bb7 12. Nxc6 Bxc6 13. Qd4 e5 14. Qd3 Qc7 15. Bf3 Bb7 16. Rfd1 Rac8 17. Rac1 h6 18. Ne2 Rfd8 19. c4 Nd7 20. Bg4 Nc5 21. Qa3 Rb8 22. f3 a5 23. Nc3 Bg5 24. Bxg5 hxg5 25. b4 axb4 26. Qxb4 Bc6 27. Rb1 Rb7 28. Rd2 g6 29. Bh3 Kg7 30. Rbd1 Ra7 31. Rb1 Ra6 32. g3 Rb8 33. Bf1 Bxa4 34. Ra1 Rba8 35. Nd5 Qa7 36. Rb2 b5 37. Kg2 bxc4 38. Bxc4 Ra5 39. Rba2 Rb8 40. Qd2 Qb7 41. Qxa5 1-0

[Event "TUR-ch (Women)"]
[Site "Ayvalik"]
[Date "2022.03.09"]
[Round "7"]
[White "Acarbay, Algi"]
[Black "Hereklioglu, Sude"]
[Result "1-0"]
[WhiteElo "1992"]
[BlackElo "1940"]
[PlyCount "45"]
[EventDate "2022.03.05"]
[EventType "swiss"]
[EventRounds "9"]
[EventCountry "TUR"]
[SourceTitle "EXT 2023"]
[Source "ChessBase"]
[SourceDate "2022.10.05"]
[SourceVersion "1"]
[SourceVersionDate "2022.10.05"]
[SourceQuality "1"]

1. e4 c5 2. Nf3 a6 3. c3 d5 4. exd5 Qxd5 5. d4 cxd4 6. cxd4 Nf6 7. Nc3 Qd6 8. Bc4 b5 9. Bb3 Bb7 10. 0-0 e6 11. Bg5 b4 12. Na4 Nbd7 13. Re1 Nd5 14. Bh4 h5 15. Nc5 Bc6 16. Rc1 g5 17. Bg3 Nf4 18. Bxf4 Qxf4 19. Nxe6 fxe6 20. Rxe6+ Kd8 21. Rexc6 Bg7 22. g3 Qe4 23. Nxg5 1-0

[Event "TUR-ch (Women)"]
[Site "Ayvalik"]
[Date "2022.03.09"]
[Round "6"]
[White "Buyuk, Ecrin Efsa"]
[Black "Acarbay, Algi"]
[Result "0-1"]
[WhiteElo "1706"]
[BlackElo "1992"]
[PlyCount "118"]
[EventDate "2022.03.05"]
[EventType "swiss"]
[EventRounds "9"]
[EventCountry "TUR"]
[SourceTitle "EXT 2023"]
[Source "ChessBase"]
[SourceDate "2022.10.05"]
[SourceVersion "1"]
[SourceVersionDate "2022.10.05"]
[SourceQuality "1"]

1. e4 c5 2. Nf3 d6 3. Bb5+ Nd7 4. 0-0 a6 5. Bxd7+ Bxd7 6. d4 cxd4 7. Nxd4 Nf6 8. Re1 e6 9. c4 Be7 10. Nc3 0-0 11. b3 Rc8 12. Bb2 Qc7 13. Rc1 Qb8 14. h3 b5 15. cxb5 axb5 16. a3 b4 17. axb4 Qxb4 18. Kh1 e5 19. Nf3 Rb8 20. Nd2 Be6 21. Na2 Qb6 22. Re3 Nd7 23. Rcc3 f5 24. exf5 Bxf5 25. Nc4 Qa6 26. Nc1 Be6 27. Re2 Nc5 28. Qc2 Bf5 29. Qd1 Be6 30. Qc2 Kh8 31. Nxe5 dxe5 32. Rxc5 Bxc5 33. Qxc5 Qb5 34. Qd6 Qd5 35. Bxe5 Rbd8 36. Qe7 Rf7 37. Qg5 Rg8 38. Kh2 Rf5 39. Qe3 Bd7 40. Re1 Bc6 41. Qg3 Qd2 42. Qe3 Rxf2 43. Qxd2 Rxd2 44. Ne2 Re8 45. Nf4 Kg8 46. h4 Rf2 47. Kg3 Rc2 48. Re3 Rc5 49. Nd3 Rd5 50. Kf4 Bb5 51. Nf2 Rd2 52. Kg3 Bc6 53. Re1 Rf8 54. Ne4 Rd3+ 55. Kg4 Re8 56. Nf2 Bd7+ 57. Kf4 Rf8+ 58. Ke4 Bf5+ 59. Kf4 Bg6+ 0-1

[Event "TUR-ch (Women)"]
[Site "Ayvalik"]
[Date "2022.03.06"]
[Round "3"]
[White "Acarbay, Algi"]
[Black "Karatiken, Seray"]
[Result "0-1"]
[WhiteElo "1992"]
[BlackElo "1717"]
[PlyCount "62"]
[EventDate "2022.03.05"]
[EventType "swiss"]
[EventRounds "9"]
[EventCountry "TUR"]
[SourceTitle "EXT 2023"]
[Source "ChessBase"]
[SourceDate "2022.10.05"]
[SourceVersion "1"]
[SourceVersionDate "2022.10.05"]
[SourceQuality "1"]

1. e4 c5 2. Nf3 d6 3. Bb5+ Nd7 4. d4 cxd4 5. Qxd4 a6 6. Bxd7+ Bxd7 7. c4 Nf6 8. Bg5 e6 9. Nc3 Bc6 10. 0-0 Be7 11. Rfd1 0-0 12. a4 Qa5 13. b3 Rfe8 14. Bh4 Rad8 15. Rab1 Qc5 16. Qd3 d5 17. cxd5 exd5 18. exd5 Nxd5 19. Ne4 Qb4 20. Bxe7 Qxe7 21. Neg5 Nf6 22. Qc3 h6 23. Re1 Qd6 24. Nh3 Ng4 25. Rbd1 Rxe1+ 26. Rxe1 Bxf3 27. Qxf3 Qxh2+ 28. Kf1 Qh1+ 29. Ke2 Re8+ 30. Kd3 Qxe1 31. Qxg4 Rd8+ 0-1

[Event "TUR-ch (Women)"]
[Site "Ayvalik"]
[Date "2022.03.06"]
[Round "2"]
[White "Kucuk, Aybike"]
[Black "Acarbay, Algi"]
[Result "1/2-1/2"]
[WhiteElo "1476"]
[BlackElo "1992"]
[PlyCount "166"]
[EventDate "2022.03.05"]
[EventType "swiss"]
[EventRounds "9"]
[EventCountry "TUR"]
[SourceTitle "EXT 2023"]
[Source "ChessBase"]
[SourceDate "2022.10.05"]
[SourceVersion "1"]
[SourceVersionDate "2022.10.05"]
[SourceQuality "1"]

1. e4 c5 2. Nf3 g6 3. d4 cxd4 4. Qxd4 Nf6 5. e5 Nc6 6. Qa4 Nd5 7. Qe4 Ndb4 8. Bb5 Bg7 9. Nc3 0-0 10. 0-0 d5 11. exd6 Qxd6 12. Bxc6 Nxc6 13. Be3 Bf5 14. Qa4 Qb4 15. Qxb4 Nxb4 16. Bd4 Nxc2 17. Bxg7 Kxg7 18. Rad1 Rfd8 19. Rxd8 Rxd8 20. a3 Nd4 21. Ne5 f6 22. Nf3 Nxf3+ 23. gxf3 Rd2 24. Re1 Kf7 25. Re2 Rxe2 26. Nxe2 Ke6 27. Nc3 Bd3 28. f4 Kf5 29. Kg2 Be4+ 30. Kg3 Bc6 31. f3 Ke6 32. Kf2 Kd6 33. b4 a6 34. h4 e5 35. fxe5+ Kxe5 36. Ke3 g5 37. hxg5 fxg5 38. Ne2 h5 39. f4+ Kf5 40. fxg5 Kxg5 41. Nd4 Kg4 42. Kf2 h4 43. Kg1 h3 44. Kh2 Bg2 45. a4 Kf4 46. b5 a5 47. b6 Bd5 48. Kxh3 Ke4 49. Nb5 Kd3 50. Kg4 Bc6 51. Nd6 Kc3 52. Kf4 Kb4 53. Ke3 Kxa4 54. Kd2 Kb3 55. Kc1 Ka2 56. Kc2 a4 57. Kc1 a3 58. Kc2 Bd5 59. Nb5 Be4+ 60. Kc3 Bc6 61. Nd4 Be4 62. Nb5 Bc6 63. Nd4 Ba4 64. Nc2 Bd7 65. Kb4 Kb2 66. Nxa3 Bc6 67. Nc4+ Kc2 68. Ne5 Be4 69. Kc5 Kb3 70. Kd6 Kb4 71. Kc7 Kc5 72. Nf7 Bg2 73. Nd6 Kb4 74. Nxb7 Kb5 75. Nd6+ Ka6 76. Nc8 Bb7 77. Na7 Ba8 78. Nc6 Kb5 79. Ne5 Ka6 80. Nc4 Bd5 81. Na3 Ba8 82. Nc2 Ka5 83. Na3 Ka6 1/2-1/2

[Event "BL2 Sued 2122 (Women)"]
[Site "Germany"]
[Date "2021.11.27"]
[Round "1.6"]
[White "Fischer, Juliane"]
[Black "Acarbay, Algi"]
[Result "0-1"]
[WhiteElo "1515"]
[BlackElo "1946"]
[PlyCount "92"]
[EventDate "2021.11.27"]
[EventType "team-tourn"]
[EventRounds "7"]
[EventCountry "GER"]
[SourceTitle "EXT 2023"]
[Source "ChessBase"]
[SourceDate "2022.10.05"]
[SourceVersion "1"]
[SourceVersionDate "2022.10.05"]
[SourceQuality "1"]
[WhiteTeam "Gernsheim (W)"]
[BlackTeam "Bayern Muenchen (W)"]
[WhiteTeamCountry "GER"]
[BlackTeamCountry "GER"]

1. e4 c5 2. Nc3 Nc6 3. f4 e6 4. Nf3 Nge7 5. d4 cxd4 6. Nxd4 Nxd4 7. Qxd4 Nc6 8. Qd1 Bc5 9. e5 0-0 10. Ne4 Bb6 11. Qg4 Nb4 12. Nf6+ Kh8 13. Nh5 Rg8 14. Kd1 d6 15. Bd2 dxe5 16. fxe5 Nc6 17. Qe4 Qd4 18. Bd3 Qxe4 19. Bxe4 Nxe5 20. Bc3 Ng4 21. Be1 e5 22. h3 Ne3+ 23. Ke2 f5 24. Bf2 f4 25. g3 Re8 26. Bxe3 fxe3 27. g4 Be6 28. b3 Rac8 29. c4 Bd4 30. Rad1 Rc7 31. Ng3 a6 32. Nf1 b5 33. cxb5 axb5 34. Nxe3 Ra7 35. Rd2 g6 36. Rc1 Kg7 37. Nd5 Rf8 38. Ne3 Raf7 39. Rf1 Rxf1 40. Nxf1 h5 41. Nh2 hxg4 42. Nxg4 Bf5 43. Kd3 Rh8 44. Nf2 Bxf2 45. Rxf2 Rxh3+ 46. Rf3 Rxf3+ 0-1

[Event "Bayern-chI Bank Hofmann 24th"]
[Site "Tegernsee"]
[Date "2021.11.02"]
[Round "4"]
[White "Huber, Benedikt"]
[Black "Acarbay, Algi"]
[Result "1-0"]
[WhiteElo "2271"]
[BlackElo "1969"]
[PlyCount "63"]
[EventDate "2021.10.30"]
[EventType "swiss"]
[EventRounds "9"]
[EventCountry "GER"]
[SourceTitle "CBM 205 Extra"]
[Source "ChessBase"]
[SourceDate "2022.01.31"]
[SourceVersion "1"]
[SourceVersionDate "2022.01.31"]
[SourceQuality "1"]

1. d4 d5 2. Nf3 Nf6 3. e3 Bg4 4. h3 Bh5 5. g4 Bg6 6. Ne5 Nfd7 7. Nxg6 hxg6 8. c4 c6 9. Nc3 e6 10. Bd2 Nf6 11. Qf3 Nbd7 12. 0-0-0 Bb4 13. Kb1 Bxc3 14. Bxc3 Ne4 15. Be1 g5 16. Qg2 Qe7 17. f3 Nef6 18. h4 gxh4 19. Bxh4 0-0-0 20. Bd3 dxc4 21. Bxc4 Nb6 22. Bb3 Nbd5 23. Qf2 e5 24. e4 Nb6 25. dxe5 Nxe4 26. fxe4 Rxd1+ 27. Bxd1 Qxe5 28. Re1 Nc4 29. Bg3 Qb5 30. Bb3 Rd8 31. Bxc4 Qxc4 32. Qf5+ 1-0

[Event "GER-chT Federal Cup (Women)"]
[Site "Braunfels"]
[Date "2021.10.24"]
[Round "5.12"]
[White "Frank, Michelle Viviane"]
[Black "Acarbay, Algi"]
[Result "1/2-1/2"]
[WhiteElo "1885"]
[BlackElo "1969"]
[PlyCount "42"]
[EventDate "2021.10.19"]
[EventType "team-tourn"]
[EventRounds "5"]
[EventCountry "GER"]
[SourceTitle "CBM 204 Extra"]
[Source "ChessBase"]
[SourceDate "2021.11.30"]
[SourceVersion "1"]
[SourceVersionDate "2021.11.30"]
[SourceQuality "1"]

1. e4 c5 2. Nf3 Nc6 3. d4 cxd4 4. Nxd4 g6 5. c4 Nf6 6. Nc3 Nxd4 7. Qxd4 d6 8. Be2 Bg7 9. 0-0 0-0 10. Qd1 Be6 11. f3 Qb6+ 12. Kh1 Rfc8 13. Nd5 Bxd5 14. exd5 Rc7 15. Rb1 Rac8 16. Bd2 Qd4 17. Qe1 b5 18. Bc3 Qe3 19. Bd2 Qd4 20. Bc3 Qe3 21. Bd2 Qd4 1/2-1/2

[Event "Mediterranean-ch 11th"]
[Site "Petrovac"]
[Date "2021.06.19"]
[Round "1"]
[White "Atakisi, Umut"]
[Black "Acarbay, Algi"]
[Result "1-0"]
[WhiteElo "2364"]
[BlackElo "1936"]
[PlyCount "83"]
[EventDate "2021.06.19"]
[EventType "swiss"]
[EventRounds "9"]
[EventCountry "MNE"]
[SourceTitle "CBM 203 Extra"]
[Source "ChessBase"]
[SourceDate "2021.09.30"]
[SourceVersion "1"]
[SourceVersionDate "2021.09.30"]
[SourceQuality "1"]

1. d4 d5 2. c4 c6 3. Nf3 Nf6 4. Nc3 dxc4 5. a4 Bf5 6. Ne5 Nbd7 7. Nxc4 Nb6 8. Ne5 a5 9. f3 Nfd7 10. Nxd7 Nxd7 11. e4 Bg6 12. Be2 e6 13. Be3 Bb4 14. 0-0 0-0 15. Qb3 Qb6 16. Bf2 Rad8 17. Rfd1 Rfe8 18. Rac1 h6 19. Bf1 Bc5 20. Qc2 Bd6 21. Kh1 Bf4 22. Rb1 Qc7 23. g3 Bd6 24. Rbc1 Qb8 25. Qb3 e5 26. d5 Bb4 27. Na2 Be7 28. Bh3 Nf6 29. Bb6 Rd6 30. Bxa5 cxd5 31. Bc7 Qa7 32. Bxd6 Bxd6 33. Bf5 Bxf5 34. exf5 e4 35. Rc2 e3 36. Nc3 d4 37. Ne2 Bc5 38. Qb5 b6 39. b4 Qb7 40. Kg2 Bd6 41. Rxd4 Re5 42. Qc6 1-0

[Event "Podgorica U2300 op"]
[Site "Podgorica"]
[Date "2021.04.21"]
[Round "8"]
[White "Acarbay, Algi"]
[Black "Milovic, Ilija"]
[Result "1-0"]
[WhiteElo "1888"]
[BlackElo "1044"]
[PlyCount "69"]
[EventDate "2021.04.16"]
[EventType "swiss"]
[EventRounds "9"]
[EventCountry "MNE"]
[SourceTitle "EXT 2022"]
[Source "ChessBase"]
[SourceDate "2021.10.06"]
[SourceVersion "1"]
[SourceVersionDate "2021.10.06"]
[SourceQuality "1"]

1. e4 d5 2. exd5 Qxd5 3. d4 Nf6 4. Nc3 Qd8 5. Nf3 Bg4 6. h3 Bh5 7. Be2 e6 8. 0-0 Be7 9. Be3 0-0 10. Qd2 Nc6 11. Rad1 Qd7 12. Ne5 Nxe5 13. dxe5 Qxd2 14. Rxd2 Bxe2 15. exf6 Bxf1 16. fxe7 Rfe8 17. Kxf1 Rxe7 18. Ke2 b6 19. Bf4 c6 20. a4 e5 21. Be3 Kf8 22. a5 Rb8 23. Na4 Reb7 24. Rd6 c5 25. axb6 axb6 26. Nxb6 Ke8 27. Bxc5 Rc7 28. b4 f6 29. c4 h6 30. Be3 Ke7 31. c5 Kf7 32. c6 f5 33. Rd7+ Rxd7 34. Nxd7 Rxb4 35. c7 1-0

[Event "Podgorica U2300 op"]
[Site "Podgorica"]
[Date "2021.04.20"]
[Round "7"]
[White "Pobor, Milo"]
[Black "Acarbay, Algi"]
[Result "1-0"]
[WhiteElo "2071"]
[BlackElo "1888"]
[PlyCount "87"]
[EventDate "2021.04.16"]
[EventType "swiss"]
[EventRounds "9"]
[EventCountry "MNE"]
[SourceTitle "EXT 2022"]
[Source "ChessBase"]
[SourceDate "2021.10.06"]
[SourceVersion "1"]
[SourceVersionDate "2021.10.06"]
[SourceQuality "1"]

1. e4 c5 2. Nf3 Nc6 3. d4 cxd4 4. Nxd4 g6 5. c4 Nf6 6. Nc3 Nxd4 7. Qxd4 d6 8. Be2 Bg7 9. Be3 0-0 10. Qd2 Be6 11. 0-0 Qa5 12. Rac1 Rfc8 13. b3 a6 14. Bf3 Rab8 15. Ba7 Ra8 16. Bd4 Rab8 17. Qe3 Nd7 18. Bxg7 Kxg7 19. Nd5 Bxd5 20. exd5 Ne5 21. Be2 Qc5 22. Qd2 a5 23. Kh1 Re8 24. f4 Nd7 25. f5 Ne5 26. Rc3 f6 27. fxg6 hxg6 28. Rg3 Rh8 29. Qf4 Rh6 30. Bd3 Rbh8 31. h3 Ra8 32. Re1 Qb4 33. Re2 a4 34. Qf5 Rah8 35. Qe6 Kf8 36. Bxg6 Rxg6 37. Rxe5 dxe5 38. Rxg6 axb3 39. axb3 Qxb3 40. Rg4 Qb1+ 41. Kh2 Qh7 42. d6 exd6 43. Qxf6+ Ke8 44. Rg7 1-0

[Event "EU-ch Amateur U2300"]
[Site "Niksic"]
[Date "2018.06.19"]
[Round "7"]
[White "Musikic, Stefan"]
[Black "Acarbay, Algi"]
[Result "0-1"]
[WhiteElo "1776"]
[BlackElo "1892"]
[PlyCount "78"]
[EventDate "2018.06.14"]
[EventType "swiss"]
[EventRounds "9"]
[EventCountry "MNE"]
[SourceTitle "CBM 185 Extra"]
[Source "ChessBase"]
[SourceDate "2018.07.29"]
[SourceVersion "1"]
[SourceVersionDate "2018.07.29"]
[SourceQuality "1"]

1. e4 c5 2. Nf3 Nc6 3. d4 cxd4 4. Nxd4 g6 5. Nc3 Bg7 6. Be3 Nf6 7. Bc4 0-0 8. Bb3 d6 9. f3 Bd7 10. Qd2 Nxd4 11. Bxd4 b5 12. Nd5 Nxd5 13. Bxd5 Rc8 14. Bxg7 Kxg7 15. 0-0-0 Qc7 16. h4 h5 17. g4 Rh8 18. Rdg1 a5 19. a3 Qc5 20. Qg2 e6 21. Bb3 a4 22. Ba2 b4 23. axb4 Qxb4 24. Qd2 Qb6 25. gxh5 Rxh5 26. Rg5 Rch8 27. Rxh5 Rxh5 28. Rd1 Rxh4 29. Qxd6 Qxd6 30. Rxd6 Bb5 31. c4 Be8 32. Kd2 Rh2+ 33. Kc3 Rf2 34. Rd3 a3 35. Kd4 axb2 36. Ke3 Rh2 37. Rd8 Ba4 38. Ra8 Bb3 39. Bb1 Rh1 0-1

[Event "EU-ch Amateur U2300"]
[Site "Niksic"]
[Date "2018.06.16"]
[Round "3"]
[White "Shukan, Alexander"]
[Black "Acarbay, Algi"]
[Result "1-0"]
[WhiteElo "2095"]
[BlackElo "1892"]
[PlyCount "80"]
[EventDate "2018.06.14"]
[EventType "swiss"]
[EventRounds "9"]
[EventCountry "MNE"]
[SourceTitle "CBM 185 Extra"]
[Source "ChessBase"]
[SourceDate "2018.07.29"]
[SourceVersion "1"]
[SourceVersionDate "2018.07.29"]
[SourceQuality "1"]

1. e4 c5 2. Nc3 Nc6 3. g3 g6 4. d3 d6 5. Be3 Bg7 6. Qd2 Nd4 7. Bg2 Nf6 8. h3 Rb8 9. Nd1 0-0 10. c3 Nc6 11. Ne2 Re8 12. 0-0 b5 13. f4 Nd7 14. g4 b4 15. f5 bxc3 16. bxc3 Nce5 17. Bh6 Ba6 18. Bxg7 Kxg7 19. c4 Qb6 20. g5 Qb7 21. Nec3 Nxd3 22. f6+ Kg8 23. Ne3 N7e5 24. Rab1 Qd7 25. Rxb8 Rxb8 26. fxe7 Qc7 27. Ned5 Qc6 28. Rb1 Rc8 29. Nb5 Bxb5 30. cxb5 Qa8 31. b6 axb6 32. Rxb6 c4 33. Rxd6 Kg7 34. Nb6 Qb7 35. Nxc8 Qxc8 36. Qc3 Qc5+ 37. Qd4 Qa3 38. e8Q Qc1+ 39. Bf1 Qxg5+ 40. Kh1 Qg3 1-0

[Event "TUR-chT2"]
[Site "Konya"]
[Date "2017.07.14"]
[Round "8.1"]
[White "Yuksek, Emek"]
[Black "Acarbay, Algi"]
[Result "1/2-1/2"]
[WhiteElo "1566"]
[BlackElo "1837"]
[PlyCount "132"]
[EventDate "2017.07.09"]
[EventType "team-swiss"]
[EventRounds "9"]
[EventCountry "TUR"]
[SourceTitle "CBM 179 Extra"]
[Source "ChessBase"]
[SourceDate "2017.08.23"]
[SourceVersion "1"]
[SourceVersionDate "2017.08.23"]
[SourceQuality "1"]
[WhiteTeam "Karaman Yunus Emre"]
[BlackTeam "Ankara DSI Genclik"]
[WhiteTeamCountry "TUR"]
[BlackTeamCountry "TUR"]

1. Nf3 c5 2. g3 Nc6 3. Bg2 Nf6 4. d4 cxd4 5. Nxd4 g6 6. 0-0 Bg7 7. Na3 0-0 8. c4 Nxd4 9. Qxd4 d6 10. Qd1 Qc7 11. Qb3 a6 12. Be3 Nd7 13. Rad1 Nc5 14. Qc2 Bf5 15. Qd2 Rfc8 16. Bd4 Rab8 17. Bxg7 Kxg7 18. b4 Nd7 19. Qb2+ Kg8 20. Rc1 Qb6 21. Nb1 Be6 22. Nd2 a5 23. a3 Qa6 24. Qd4 b6 25. f4 Rc7 26. Rc3 Qc8 27. Rfc1 Qf8 28. e4 Qg7 29. Qxg7+ Kxg7 30. Nb3 axb4 31. axb4 Rbc8 32. Nd4 Kf6 33. Nb5 Rxc4 34. Bf1 Rxc3 35. Rxc3 Rxc3 36. Nxc3 Kg7 37. Na4 f5 38. exf5 gxf5 39. Bb5 Kf6 40. Bxd7 Bxd7 41. Nxb6 Bc6 42. Nc4 Ke6 43. Kf2 Kd5 44. Ne3+ Ke4 45. h4 h5 46. Nd1 Kd4 47. Ne3 e6 48. Ke2 Kc3 49. Nd1+ Kxb4 50. Kd3 Kc5 51. Ne3 Be4+ 52. Kc3 d5 53. Nd1 d4+ 54. Kd2 Bc6 55. Nf2 Bb5 56. Nh3 Kd5 57. Ng5 e5 58. fxe5 Kxe5 59. Nf3+ Kd5 60. Ng5 Bf1 61. Nh7 Ke5 62. Ng5 Bg2 63. Kd3 Be4+ 64. Kd2 Kd5 65. Nh3 Bf3 66. Kd3 Be4+ 1/2-1/2

[Event "TUR-chT2"]
[Site "Konya"]
[Date "2017.07.12"]
[Round "5.1"]
[White "Acarbay, Algi"]
[Black "Sinik, Yagmur"]
[Result "1-0"]
[WhiteElo "1837"]
[BlackElo "1387"]
[PlyCount "141"]
[EventDate "2017.07.09"]
[EventType "team-swiss"]
[EventRounds "9"]
[EventCountry "TUR"]
[SourceTitle "CBM 179 Extra"]
[Source "ChessBase"]
[SourceDate "2017.08.23"]
[SourceVersion "1"]
[SourceVersionDate "2017.08.23"]
[SourceQuality "1"]
[WhiteTeam "Ankara DSI Genclik"]
[BlackTeam "Marmara Universitesi"]
[WhiteTeamCountry "TUR"]
[BlackTeamCountry "TUR"]

1. e4 c5 2. Nf3 g6 3. d4 cxd4 4. Qxd4 Nf6 5. Nc3 Nc6 6. Qa4 d6 7. e5 dxe5 8. Nxe5 Bd7 9. Nxd7 Qxd7 10. Be3 Bg7 11. Rd1 Qc8 12. Be2 0-0 13. 0-0 e6 14. Rd2 a6 15. Qh4 Ne7 16. Bd3 Ned5 17. Nxd5 Nxd5 18. Bh6 Rd8 19. Bxg7 Kxg7 20. Rfd1 Nf6 21. Be2 Qc7 22. Bf3 Rxd2 23. Rxd2 Rd8 24. Rxd8 Qxd8 25. Qb4 b5 26. Kf1 Qc7 27. a4 Qxc2 28. axb5 axb5 29. Qxb5 Qc1+ 30. Ke2 Nd5 31. g3 Qc2+ 32. Kf1 Qc1+ 33. Kg2 Qc2 34. Qe2 Qb3 35. Qe5+ Kg8 36. h4 Qc2 37. h5 gxh5 38. Bxh5 Qc6 39. Bf3 Qb7 40. Qd4 Qb3 41. Be4 Qb7 42. Bxd5 exd5 43. Kf3 Qb3+ 44. Kf4 Qb7 45. b4 Qb5 46. Ke5 Qb7 47. Qc5 Kg7 48. b5 f6+ 49. Kd4 Qd7 50. Qxd5 Qa7+ 51. Qc5 Qd7+ 52. Kc4 Qg4+ 53. Qd4 Qe2+ 54. Kc5 Qe7+ 55. Kc6 Kg6 56. b6 Qe8+ 57. Kb7 Qe7+ 58. Ka8 Qa3+ 59. Kb8 Qf8+ 60. Kc7 Qf7+ 61. Qd7 Qc4+ 62. Kd8 Kh6 63. b7 Qg8+ 64. Ke7 Qg7+ 65. Kd6 Qg5 66. Qe6 Qd2+ 67. Ke7 Qb4+ 68. Kxf6 Qf8+ 69. Ke5+ Kh5 70. Qf5+ Qxf5+ 71. Kxf5 1-0

[Event "Veliko Gradiste Silver Lake op-B"]
[Site "Veliko Gradiste"]
[Date "2017.06.19"]
[Round "3"]
[White "Pavlov, Vladimir"]
[Black "Acarbay, Algi"]
[Result "1-0"]
[WhiteElo "1923"]
[BlackElo "1785"]
[PlyCount "89"]
[EventDate "2017.06.18"]
[EventType "swiss"]
[EventRounds "9"]
[EventCountry "SRB"]
[SourceTitle "CBM 179 Extra"]
[Source "ChessBase"]
[SourceDate "2017.08.23"]
[SourceVersion "1"]
[SourceVersionDate "2017.08.23"]
[SourceQuality "1"]

1. e4 c5 2. Nc3 Nc6 3. f4 e6 4. Nf3 Nge7 5. Be2 g6 6. 0-0 Bg7 7. d3 d5 8. Qe1 0-0 9. e5 a6 10. g4 f6 11. exf6 Bxf6 12. Qg3 Nd4 13. Bd1 Nxf3+ 14. Bxf3 Qd6 15. Bg2 Bd7 16. Bd2 Rf7 17. Rae1 Raf8 18. Re2 Bg7 19. Bh3 Nc6 20. Bc1 Nd4 21. Ref2 Bc6 22. Bg2 b5 23. Kh1 b4 24. Nd1 Bd7 25. Ne3 Kh8 26. f5 Qxg3 27. hxg3 Be5 28. Kh2 gxf5 29. gxf5 Rg7 30. Rf4 Bxf4 31. gxf4 Nxf5 32. Nxf5 Rxf5 33. Bf3 Rf6 34. Bg2 d4 35. Re1 Rh6+ 36. Bh3 e5 37. f5 Bxf5 38. Bxh6 Rg6 39. Rxe5 Rxh6 40. Rxf5 Rc6 41. Bg2 Rc7 42. Kg3 Kg7 43. Be4 a5 44. Kf4 a4 45. b3 1-0

[Event "TUR-ch (Women)"]
[Site "Aksu"]
[Date "2017.03.10"]
[Round "9"]
[White "Acarbay, Algi"]
[Black "Esti, Kubra Selenay"]
[Result "1/2-1/2"]
[WhiteElo "1800"]
[BlackElo "1594"]
[PlyCount "90"]
[EventDate "2017.03.06"]
[EventType "swiss"]
[EventRounds "9"]
[EventCountry "TUR"]
[SourceTitle "CBM 177 Extra"]
[Source "ChessBase"]
[SourceDate "2017.04.27"]
[SourceVersion "1"]
[SourceVersionDate "2017.04.27"]
[SourceQuality "1"]

1. e4 g6 2. d4 Bg7 3. Nf3 d6 4. Bc4 a6 5. a4 Nc6 6. Nc3 Nf6 7. h3 0-0 8. Qe2 Nd7 9. Be3 h6 10. 0-0 Kh7 11. Rad1 e6 12. Rfe1 Ne7 13. Nh2 b6 14. Qd2 Bb7 15. Ng4 Ng8 16. d5 e5 17. Qe2 f5 18. exf5 gxf5 19. Nh2 f4 20. Bc1 Bc8 21. Ne4 Nc5 22. Nxc5 bxc5 23. Nf3 Kh8 24. Bd3 Qf6 25. Qe4 Bf5 26. Qxf5 Qxf5 27. Bxf5 Rxf5 28. Nd2 Ne7 29. Ne4 Rg8 30. Kh2 Rff8 31. Rd3 Rb8 32. f3 Nf5 33. c3 Kh7 34. g4 fxg3+ 35. Nxg3 Nxg3 36. Kxg3 e4 37. Rxe4 Bxc3+ 38. Kf4 Bxb2 39. Bxb2 Rxb2 40. Kf5 Rg5+ 41. Ke6 Rg7 42. f4 Rb8 43. Rde3 Re8+ 44. Kf6 Rf8+ 45. Ke6 Re8+ 1/2-1/2